| 000 | 01012nam a22002657a 4500 | ||
|---|---|---|---|
| 001 | 4617 | ||
| 003 | FISKH | ||
| 005 | 20240918104214.0 | ||
| 008 | 240918b cb ||||| |||| 00| 0 eng d | ||
| 020 | _a9780545271615 | ||
| 040 |
_aFISKH _beng _cFISKH _dFISKH |
||
| 050 | _aPZ7.B7393 | ||
| 082 | _2458 | ||
| 100 |
_aBreathed, Berkeley _d1957- |
||
| 245 |
_aFlawed dogs / _cWritten and Illustrated by Berkeley Breathed |
||
| 250 | _aFirst printing in 2010 | ||
| 260 |
_aNew York : _bScholastic, _c2010. |
||
| 300 |
_a216 pages : _bColor illustrations ; _c20cm |
||
| 520 | _aAfter being framed by a jealous poodle, a dachshund is left for dead, but comes back with a group of mutts from the National Last Ditch Dog Depository to disrupt the prestigious Westminster Kennel Club dog show and exact revenge on Cassius the poodle. | ||
| 650 |
_2Juvenile fiction _aFantasy _vHumor |
||
| 650 |
_2Chapter book _aAnimals _vDachshunds |
||
| 700 |
_aBreathed, Berkeley _dIllustrator |
||
| 942 |
_2ddc _cBK _n0 |
||
| 999 |
_c4617 _d4617 |
||